Requin - Culture Générale - Statistiques

Statistiques générales
  • Ce quiz a été pris 15 512 fois
  • Le résultat moyen est 11 sur 20
Statistiques - réponses
Question Réponse % Correct
Type de requin à qui la forme de sa tête lui permet une excellente vision périphérique Requin marteau
95%
Plus grand type de requin Requin-baleine
87%
Espèce de requin la plus dangereuse pour l'homme Grand requin blanc
80%
Quelle chanson pour enfants est la vidéo la plus visionnée sur Youtube? Baby Shark
77%
Substance que les requins peuvent détecter à concentration de une particule par million Sang
76%
Certains requins en auront 30 000 au courant de leur vie Dents
73%
Requin géant éteint qui s'alimentait de baleines Mégalodon
73%
Pays qui compte le plus d'attaques de requins États-Unis
63%
Nom donné à la nageoire dorsale du requin Aileron
60%
Titre anglais du film Les Dents de la mer Jaws
58%
Autre mot communément utilisé pour désigner un requin Squale
49%
Ce qu'ont les requins à la place des os Cartilage
47%
Quel pays d'Asie est le plus grand pêcheur de requins au monde? Indonésie
47%
Film d'animation qui met en scène un poisson du nom d'Oscar et Lenny, un requin végétarien. Gang de requins
33%
Film apocalyptique qui met en scène une tornade de requins Sharknado
32%
Série télévisée d'animation française qui présente une hyène, une sirène et un requin Zig et Sharko
32%
Type de requin qui a l'espérance de vie la plus élevée chez tous les vertébrés (jusqu'à 500 ans!) Requin du {Groenland}
29%
Espèce de requin reconnaissable à sa grande bouche et qui se nourrit principalement de plancton Requin pèlerin
24%
La mythologie de quel archipel du Pacifique présente plusieurs divinités à tête de requin? Hawaï
17%
Quel lac d'Amérique centrale est le seul lac d'eau douce au monde où vivent des requins? Lac Nicaragua
6%
Aucun quiz correspondant
Distribution des résultats
% des personnes avec chaque résultat
Percentile par nombre de réponses
Votre historique - résultats
Vous n’avez pas pris ce quiz